Call of Duty Modern Warfare 2019 Ultimate Quiz - Statistics

General Stats
  • This quiz has been taken 8 times
  • The average score is 38 of 188
Answer Stats
Hint Answer % Correct
Assault Rifle FAL
75%
Assault Rifle Grau 5.56
75%
Assault Rifle Kilo 141
75%
Assault Rifle M4A1
75%
SMG MP5
75%
SMG MP7
75%
SMG P90
75%
Handgun 1911
50%
Shotgun 725
50%
Assault Rifle AK-47
50%
Map Arklov Peak
50%
Assault Rifle AS VAL
50%
SMG AUG
50%
Map Azhir Cave
50%
Assault Rifle CR-56 AMAX
50%
Assault Rifle FR 5.56
50%
Sniper Rifle HDR
50%
Handgun M19
50%
LMG RAAL MG
50%
Launcher RPG-7
50%
Map Rust
50%
Map Shipment
50%
Handgun .357
25%
Handgun .50 GS
25%
Killstreak Advanced UAV
25%
Assault Rifle AN-94
25%
Map Atlas Superstore
25%
Sniper Rifle AX-50
25%
LMG Bruen Mk9
25%
Lethal C4
25%
Killstreak Care Package
25%
Map Cheshire Park
25%
Killstreak Chopper Gunner
25%
Killstreak Cluster Strike
25%
Killstreak Counter UAV
25%
Map Crash
25%
Killstreak Cruise Missile
25%
Core Gamemode Cyber Attack
25%
Field Upgrades Dead Silence
25%
Tactical Decoy Grenade
25%
Field Upgrades Deployable Cover
25%
Map Docks
25%
Core Gamemode Domination
25%
Sniper Rifle Dragunov
25%
Alternate Modes Drop Zone
25%
Secondary Melee Dual Kodachis
25%
Marksman Rifle EBR-14
25%
Killstreak Emergency Airdrop
25%
Field Upgrades EMP Drone
25%
LMG FiNN LMG
25%
Tactical Flash Grenade
25%
Assault Rifle FN Scar 17
25%
Lethal Frag Grenade
25%
Core Gamemode Free-For-All
25%
Perk 2 Ghost
25%
Map Grazna Raid
25%
Core Gamemode Gunfight
25%
Alternate Modes Gun Game
25%
Map Gun Runner
25%
Killstreak Gunship
25%
Map Hackney Yard
25%
Map Hardhat
25%
Core Gamemode Hardpoint
25%
Tactical Heartbeat Sensor
25%
Map Hill
25%
LMG Holger-26
25%
Map Hovec Sawmill
25%
Core Gamemode Infected
25%
Shotgun JAK-12
25%
Launcher JOKR
25%
Killstreak Juggernaut
25%
Secondary Melee Kali Sticks
25%
Marksman Rifle Kar98k
25%
Map Killhouse
25%
Map King
25%
Secondary Melee Knife
25%
Assault Rifle M13
25%
LMG M91
25%
LMG MG34
25%
Marksman Rifle MK2 Carbine
25%
Shotgun Model 680
25%
Field Upgrades Munitions Box
25%
Assault Rifle Oden
25%
Shotgun Origin 12 Shotgun
25%
Perk 2 Overkill
25%
Killstreak Personal Radar
25%
Map Piccadilly
25%
Launcher PILA
25%
LMG PKM
25%
SMG PP19 Bizon
25%
Lethal Proximity Mine
25%
Shotgun R9-0 Shotgun
25%
Field Upgrades Recon Drone
25%
Handgun Renetti
25%
Primary Melee Riot Shield
25%
Sniper Rifle Rytec AMR
25%
LMG SA87
25%
Map Scrapyard
25%
Core Gamemode Search and Destroy
25%
Lethal Semtex
25%
Killstreak Sentry Turret
25%
Killstreak Shield Turret
25%
Map Shoot House
25%
Marksman Rifle SKS
25%
Tactical Smoke Grenade
25%
Tactical Snapshot Grenade
25%
Marksman Rifle SP-R 208
25%
Tactical Stim
25%
Field Upgrades Stopping Power Rounds
25%
Map St. Petrograd
25%
Launcher Strela-P
25%
SMG Striker 45
25%
Tactical Stun Grenade
25%
Killstreak Support Helo
25%
Handgun Sykov
25%
Core Gamemode Team DeathMatch
25%
Lethal Thermite
25%
Lethal Throwing Knife
25%
Killstreak UAV
25%
Shotgun VLK Rogue
25%
Killstreak Wheelson
25%
Handgun X16
25%
Map Aisle 9
0%
Map AL-Raab Airbase
0%
Perk 3 Amped
0%
Map Aniyah Incursion
0%
Map Aniyah Palace
0%
Map Atrium
0%
Perk 3 Battle Hardened
0%
Map Bazaar
0%
Map Broadcast
0%
Map Cargo
0%
Lethal Claymore
0%
Perk 1 Cold-Blooded
0%
Marksman Rifle Crossbow
0%
SMG CX-9
0%
Alternate Modes Demolition
0%
Perk 1 Double Time
0%
Map Drainage
0%
Perk 3 Engineer
0%
Perk 1 E.O.D.
0%
Map Euphrates Bridge
0%
SMG Fennec
0%
Tactical Gas Grenade
0%
Alternate Modes Grind
0%
Core Gamemode Ground War
0%
Map Gulag Showers
0%
Perk 2 Hardline
0%
Core Gamemode Headquarters
0%
Perk 2 High Alert
0%
Killstreak Infantry Assault Vehicle
0%
SMG ISO
0%
Map Khandor Hideout
0%
Perk 1 Kill Chain
0%
Core Gamemode Kill Confirmed
0%
Map Livestock
0%
Map Mialstor Tank Factory
0%
Lethal Molotov Cocktail
0%
Alternate Modes One In The Chamber
0%
Alternate Modes Onslaught
0%
Map Petrov Oil Rig
0%
Map Pine
0%
Perk 2 Pointman
0%
Killstreak Precision Airstrike
0%
Perk 1 Quick Fix
0%
Assault Rifle RAM-7
0%
Map Ramazza
0%
Alternate Modes Reinforce
0%
Perk 2 Restock
0%
Perk 1 Scavenger
0%
Perk 3 Shrapnel
0%
Map Speedball
0%
Map Stack
0%
Map Station
0%
Map Suldal Harbor
0%
Field Upgrades Tactical Insertion
0%
Map Talsik Backlot
0%
Alternate Modes Team Defender
0%
Perk 3 Tracker
0%
Map Trench
0%
Field Upgrades Trophy System
0%
Perk 3 Tune Up
0%
SMG Uzi
0%
Map Vacant
0%
Map Verdansk Stadium
0%
Killstreak VTOL Jet
0%
Field Upgrades Weapon Drop
0%
Killstreak White Phosphorus
0%
No matching quizzes found
Score Distribution
Percent of People with Each Score
Percentile by Number Answered
Your Score History
You have not taken this quiz